Welcome to the Holygrace Academy Library

Please use search bar below to get started

THE STORY OF MAHABARATA (Record no. 7389)

MARC details
000 -LEADER
fixed length control field 00272nam a22001217a 4500
082 ## - DEWEY DECIMAL CLASSIFICATION NUMBER
Classification number 823
Item number GOP/S
100 ## - MAIN ENTRY--AUTHOR NAME
Personal name NAIR, GOPALAN V
245 ## - TITLE STATEMENT
Title THE STORY OF MAHABARATA
260 ## - PUBLICATION, DISTRIBUTION, ETC. (IMPRINT)
Place of publication DELHI
Name of publisher ORIENT LONGMAN
Year of publication 1968
300 ## - PHYSICAL DESCRIPTION
Number of Pages 128
650 ## - SUBJECT ADDED ENTRY--TOPICAL TERM
Topical Term ENGLISH STORY
Geographic subdivision INDIA
942 ## - ADDED ENTRY ELEMENTS (KOHA)
Koha item type Books
Holdings
Withdrawn status Lost status Collection code Home library Current library Date acquired Source of acquisition Cost, normal purchase price Full call number Accession Number Koha item type
Withdrawn Damaged Item Fiction Main Library Main Library 14/05/2004 purchase 30.00 823 GOP/S 00424 Books